From Pythagoras to Einstein /
Guardado en:
| Autor Principal: | |
|---|---|
| Formato: | Libro |
| Idioma: | English |
| Publicado: |
Washington :
Mathematical Association of America,
c1965.
|
| Series: | New mathematical library ;
16 |
| Materias: | |
| Etiquetas: |
Agregar Etiqueta
Sin Etiquetas, Sea el primero en etiquetar este registro!
|
| LEADER | 01090cam a22002415a 4500 | ||
|---|---|---|---|
| 001 | MAT.inmabb002859 | ||
| 008 | 720601s1965####nyua##########000#0#eng## | ||
| 005 | 20151112160409.0 | ||
| 245 | 1 | 0 | |a From Pythagoras to Einstein / |c by K. O. Friedrichs. |
| 260 | |a Washington : |b Mathematical Association of America, |c c1965. | ||
| 300 | |a vii, 88 p. : |b il. ; |c 23 cm. | ||
| 440 | 0 | |a New mathematical library ; |v 16 | |
| 505 | 8 | |a 1. The Pythagorean theorem -- 2. Signed numbers -- 3. Vectors -- 4. Components and coordinates. Spaces of higher dimension -- 5. Momentum and energy. Elastic impact -- 6. Inelastic impact -- 7. Space and time measurement in the special theory of relativity -- 8. Momentum and energy in the special theory of relativity. Impact. | |
| 510 | 4 | |a MR, |c 33 #5412 | |
| 100 | 1 | |a Friedrichs, K. O. |q (Kurt Otto), |d 1901- | |
| 084 | |a 00A05 (83Axx) |2 msc2000 | ||
| 650 | 0 | |a Pythagorean theorem. | |
| 650 | 0 | |a Dynamics. | |
| 650 | 0 | |a Relativity (Physics) | |
| 650 | 0 | |a Vector analysis. | |
| 010 | |a 65024963 | ||
| 040 | |a DLC |c DLC |d ICU |d DLC | ||
| 859 | |h 00A05 |i F9115 |p A-5446 |b BIB. MATEMATICA | ||
